|
|
|
|
| LEADER |
00000nab a2200000ua 4500 |
| 001 |
vtls010813413 |
| 003 |
SK-MaSNL |
| 005 |
20260303115556.0 |
| 008 |
230127s2010 xo |||||||||||||||||cze| |
| 035 |
|
|
|a (urnnbn)urn:nbn:sk:snk:ar-006csu
|
| 035 |
|
|
|a urn:nbn:sk:snk-ab5ihl
|
| 035 |
|
|
|a (uuid)4c225842-bc52-4f6d-a0cd-b9d200d994dd
|
| 040 |
|
|
|a SNKBUCL
|b slo
|c SNKBUCL
|e AACR2
|
| 041 |
0 |
|
|a cze
|
| 044 |
|
|
|a xo
|c SK
|
| 100 |
1 |
|
|a Lipina, Radim
|4 aut
|9 1130111
|
| 245 |
1 |
0 |
|a SOUČASNÉ MOŽNOSTI NEUROCHIRURGICKÉ LÉČBY HYDROCEFALU
|c Radim Lipina, Tomáš Paleček
|
| 700 |
1 |
|
|a Paleček, Tomáš
|4 aut
|9 1130112
|
| 773 |
0 |
|
|t Neurológia : recenzovaný, postgraduálne zameraný odborný lekársky časopis
|g Roč. 5, č. 1 (2010), s. 31-35
|
| 954 |
|
|
|a odborná, vedecká literatúra pôvodná (slovenská)
|2 lita
|
| 954 |
|
|
|a odborná, vedecká literatúra cudzojazyčná (svetová)
|2 lita
|
| 958 |
|
|
|a OND
|
| 958 |
|
|
|a EUIPO
|
| 958 |
|
|
|a article5
|
| 999 |
|
|
|c 1904539
|d 1906469
|